Heroes for all times (Record no. 836)

MARC details
000 -LEADER
fixed length control field 01273cam a2200337 a 4500
005 - DATE AND TIME OF LATEST TRANSACTION
control field 20230824103230.0
020 ## - INTERNATIONAL STANDARD BOOK NUMBER
International Standard Book Number 9780545694766
040 ## - CATALOGING SOURCE
Original cataloging agency DLC
Transcribing agency DLC
Modifying agency DLC
Language of cataloging eng
050 00 - LIBRARY OF CONGRESS CALL NUMBER
Item number CT107.O83
082 00 - DEWEY DECIMAL CLASSIFICATION NUMBER
Classification number 920
100 1# - MAIN ENTRY--PERSONAL NAME
Personal name Osborne, Mary Pope.
245 10 - TITLE STATEMENT
Title Heroes for all times
Statement of responsibility, etc. by Mary Pope Osborne and Natalie Pope Boyce ; illustrated by Sal Murdocca.
250 ## - EDITION STATEMENT
Edition statement First Scholastic printing, January 2014
260 ## - PUBLICATION, DISTRIBUTION, ETC.
Name of publisher, distributor, etc. Scholastic
300 ## - PHYSICAL DESCRIPTION
Extent 120 pages :
Other physical details illustrations ;
Dimensions 20 cm
490 0# - SERIES STATEMENT
Series statement Magic Tree House fact tracker
Volume/sequential designation Book 51
500 ## - GENERAL NOTE
General note "A nonfiction companion to Magic Tree House #51: High Time for Heroes."
500 ## - GENERAL NOTE
General note "A STEPPING STONE BOOK."
505 0# - FORMATTED CONTENTS NOTE
Formatted contents note U <br/>
520 ## - SUMMARY, ETC.
Summary, etc. Jack and Annie learn amazing facts about six history-changing individuals, including Susan B. Anthony, Mahatma Ghandi, Martin Luther King, Jr., John Muir, Florence Nightingale ,and Harriet Tubman.
521 ## - TARGET AUDIENCE NOTE
Target audience note 820 <br/>
Source Lexile <br/>
521 ## - TARGET AUDIENCE NOTE
Target audience note U <br/>
Source Raz-Plus <br/>
650 #0 - SUBJECT ADDED ENTRY--TOPICAL TERM
Topical term or geographic name entry element Heroes
Form subdivision Non-fiction.
650 #0 - SUBJECT ADDED ENTRY--TOPICAL TERM
Topical term or geographic name entry element Biography
Form subdivision Non-fiction.
700 1# - ADDED ENTRY--PERSONAL NAME
Personal name Boyce, Natalie Pope.
700 1# - ADDED ENTRY--PERSONAL NAME
Personal name Murdocca, Sal
Relator term illustrator
906 ## - LOCAL DATA ELEMENT F, LDF (RLIN)
a 7
b cbc
c orignew
d 1
e ecip
f 20
g y-gencatlg
942 ## - ADDED ENTRY ELEMENTS (KOHA)
Source of classification or shelving scheme Dewey Decimal Classification
Koha item type Books
Suppress in OPAC No
999 ## -
-- 836
-- 836
Holdings
Withdrawn status Lost status Source of classification or shelving scheme Damaged status Not for loan Collection Home library Current library Shelving location Date acquired Total Checkouts Full call number Barcode Date last seen Date last checked out Price effective from Koha item type
    Dewey Decimal Classification     Non-Fiction Footprints International School Library Network Toul Kork Campus Footprints International School Library Network Toul Kork Campus TTP Secondary Non-Fiction Bookshelves 07/11/2023 1 OSB 920 CT107.083 FISBK00117 06/06/2025 05/07/2025 07/11/2023 Books